La rivoluzione romana
Сохранить в:
| Главный автор: | |
|---|---|
| Формат: | |
| Язык: | итальянский |
| Опубликовано: |
Turín
Giulio Einaudi
1962
|
| Серии: | Einaudi reprints, 12
|
| Предметы: | |
| Метки: |
Добавить метку
Нет меток, Требуется 1-ая метка записи!
|
MARC
| LEADER | 00000nam a2200000 a 4500 | ||
|---|---|---|---|
| 001 | UCR2565 | ||
| 003 | CL-VaPUC | ||
| 008 | 980112e19620000IT |||||||||||||||||ita|d | ||
| 082 | 0 | 4 | |a 937 |b SYM |2 21 |
| 100 | 0 | |a Syme, Ronald |e author |9 400524 | |
| 245 | 1 | 3 | |a La rivoluzione romana |
| 300 | |a 559 p | ||
| 942 | |c BK | ||
| 945 | |d 19980112 00:00:00 |a aolguin | ||
| 260 | |a Turín |b Giulio Einaudi |c 1962 | ||
| 600 | 0 | 7 | |a POMPEO |2 CL-VaPUC |9 400525 |
| 600 | 0 | 7 | |a ANTONIO |2 CL-VaPUC |9 387296 |
| 600 | 0 | 7 | |a OCTAVIO |2 CL-VaPUC |9 387794 |
| 600 | 0 | |a Augusto |d 63 a.C.-14 d.C |9 319472 | |
| 650 | 7 | |a REVOLUCION |2 CL-VaPUC |9 338298 | |
| 650 | 0 | |a Historia |9 255047 | |
| 650 | 0 | |a Oligarquía |9 314747 | |
| 650 | 7 | |a CESARES |2 CL-VaPUC |9 344824 | |
| 650 | 7 | |a ORGANIZACION POLITICA |2 CL-VaPUC |9 257437 | |
| 650 | 0 | |a Sociedad |9 307903 | |
| 583 | |a last modification |c 19980112 00:00:00 |k Rodrigo Vera | ||
| 490 | 0 | |a Einaudi reprints, 12 | |
| 999 | |c 265699 |d 265697 | ||
| 952 | |0 0 |1 0 |4 0 |6 937_000000000000000_SYM_1962 |7 0 |8 DER_ROM |9 296721 |a BIBDER |b BIBDER |d 2019-11-20 |i 1918273 |o 937 SYM 1962 |p 1918273 |r 2023-01-25 |w 2019-11-20 |x Ubicación 4to piso |y BK |z Este recurso debe solicitarse con anticipación |k DER | ||